England 2026 World Cup Squad - Statistics

General Stats
  • This quiz has been taken 38 times
    12 since last reset
  • The average score is 18 of 27
Answer Stats
Hint Answer % Correct
FW Bukayo Saka
100%
GK Dean Henderson
100%
FW Harry Kane
100%
MF Jordan Henderson
100%
MF Jude Bellingham
100%
Thomas Tuchel
100%
MF Declan Rice
90%
GK Jordan Pickford
90%
DF Marc Guehi
80%
DF Ezri Konsa
70%
DF John Stones
70%
FW Marcus Rashford
70%
FW Ollie Watkins
70%
FW Ivan Toney
60%
MF Morgan Rogers
60%
DF Reece James
60%
MF Eberechi Eze
50%
MF Elliot Anderson
50%
DF Nico O'Reilly
50%
FW Anthony Gordon
40%
DF Djed Spence
40%
GK James Trafford
40%
MF Kobbie Mainoo
40%
FW Noni Madueke
40%
DF Tino Livramento
40%
DF Dan Burn
30%
DF Jarell Quansah
20%
No matching quizzes found
Score Distribution
Percent of People with Each Score
Percentile by Number Answered
Your Score History
You have not taken this quiz since the last reset